[Event "4th Kolkata Open"]
[Site "Kolkata IND"]
[Date "2009.09.05"]
[Round "5"]
[White "Markos,J"]
[Black "Laxman,R"]
[Result "0-1"]
[WhiteElo "2565"]
[BlackElo "2486"]
[EventDate "2009.09.01"]

1. d4 Nf6 2. c4 e6 3. Nc3 Bb4 4. Qc2 O-O 5. e4 d6 6. a3 Bxc3+ 7. bxc3 Nfd7
8. Bd3 e5 9. Ne2 Nc6 10. O-O Ne7 11. f4 c5 12. dxe5 dxe5 13. f5 b6 14. Ng3
f6 15. Rf3 Rf7 16. Nf1 Nc6 17. Ne3 Na5 18. Bb2 Ba6 19. Rd1 Qe8 20. g4 Rd8
21. h4 Nf8 22. g5 fxg5 23. hxg5 Rfd7 24. Rh3 Rd6 25. Qe2 Qa4 26. g6 hxg6
27. Nd5 Bxc4 28. Rf1 Bxd3 29. Qxd3 gxf5 30. Rxf5 Ng6 31. Qf3 Rxd5 32. exd5
Nf4 33. Rxe5 Nxh3+ 34. Qxh3 Qd1+ 35. Kg2 Qc2+ 36. Kf1 Rf8+ 37. Ke1 Qb1+ 0-1

[Event "4th Kolkata Open"]
[Site "Kolkata IND"]
[Date "2009.09.05"]
[Round "5"]
[White "Kostenko,P"]
[Black "Ni Hua"]
[Result "0-1"]
[WhiteElo "2491"]
[BlackElo "2692"]
[EventDate "2009.09.01"]

1. e4 e6 2. d4 d5 3. Nc3 Nf6 4. Bg5 Be7 5. e5 Nfd7 6. h4 Nc6 7. Nf3 Nb6 8.
Qd2 Bd7 9. b3 f6 10. Bf4 fxe5 11. dxe5 O-O 12. a3 Be8 13. Bd3 Bh5 14. Ng5
Bxg5 15. Bxh7+ Kxh7 16. hxg5 g6 17. g4 d4 18. Ne4 d3 19. c3 Qd5 20. f3 Nxe5
21. Qe3 d2+ 22. Ke2 Qb5+ 23. c4 Nbxc4 24. bxc4 Qxc4+ 25. Kf2 Rxf4 26. Nf6+
Rxf6 27. gxf6 Qxg4 28. fxg4 Nxg4+ 29. Ke2 Nxe3+ 30. Kxe3 Kg8 31. Kxd2 Kf7
32. Raf1 Rd8+ 33. Ke3 Rd5 34. Rf4 Rf5 35. Rc1 c6 36. Rb4 Rf3+ 37. Kd2 b6
38. Rxc6 Kxf6 39. Ra4 g5 40. Rxa7 g4 41. Rc3 Rxc3 42. Kxc3 g3 0-1

[Event "4th Kolkata Open"]
[Site "Kolkata IND"]
[Date "2009.09.06"]
[Round "6"]
[White "Rahman,Zia"]
[Black "Laznicka,V"]
[Result "0-1"]
[WhiteElo "2554"]
[BlackElo "2634"]
[EventDate "2009.09.01"]

1. d4 Nf6 2. Nf3 e6 3. Bf4 c5 4. e3 Nc6 5. c3 Be7 6. h3 O-O 7. Nbd2 cxd4 8.
exd4 b6 9. Bd3 Bb7 10. Qe2 Re8 11. O-O Bf8 12. Bh2 Ne7 13. Ba6 Qc8 14. Bxb7
Qxb7 15. Be5 d5 16. Bxf6 gxf6 17. Ne1 Nf5 18. Nd3 Kh8 19. Qf3 Be7 20. Qh5
Rg8 21. Rfe1 Bd6 22. Qf3 Rg6 23. g4 Nh4 24. Qe3 Rag8 25. Kf1 Qa6 26. f3 f5
27. Re2 fxg4 28. hxg4 Nf5 29. gxf5 Rg1+ 30. Qxg1 Rxg1+ 31. Kxg1 Qxd3 32.
Rg2 Qxf5 33. Re1 Bf4 34. Nf1 Qd3 35. Ree2 b5 36. Ref2 h5 37. Kh1 Qb1 38.
Rg1 Qd3 39. Rgg2 b4 40. Ng3 Be3 41. Rf1 bxc3 42. bxc3 Kg8 43. f4 Kf8 44. f5
exf5 45. Kh2 f4 46. Ne2 Qe4 47. Ng1 Qd3 48. Ne2 h4 49. Kh3 Qf5+ 50. Kh2 Qd3
51. Rxf4 Bxf4+ 52. Nxf4 Qf3 53. Nh3 Qxc3 54. Rg4 Qd2+ 0-1

[Event "4th Kolkata Open"]
[Site "Kolkata IND"]
[Date "2009.09.06"]
[Round "6"]
[White "Le Quang Liem"]
[Black "Hossain,Enam"]
[Result "1-0"]
[WhiteElo "2602"]
[BlackElo "2516"]
[EventDate "2009.09.01"]

1. d4 Nf6 2. Nf3 g6 3. c4 Bg7 4. Nc3 O-O 5. e4 d6 6. Be2 e5 7. O-O Nc6 8.
d5 Ne7 9. Ne1 Ne8 10. f3 f5 11. g4 Kh8 12. Kh1 fxg4 13. fxg4 Rxf1+ 14. Bxf1
Ng8 15. g5 Bf8 16. Qf3 Ng7 17. Nd3 Be7 18. Qg2 Bd7 19. Be3 c5 20. dxc6 Bxc6
21. Nd5 b6 22. h4 Qd7 23. Qh3 Qxh3+ 24. Bxh3 Nh5 25. Kg2 Rf8 26. a4 Bd8 27.
Be6 Ne7 28. Bd2 Bb7 29. Bb4 Nxd5 30. exd5 Be7 31. a5 Ng7 32. Bd7 b5 33. a6
Bc8 34. Bxc8 Rxc8 35. cxb5 Nf5 36. Rc1 Rf8 37. Rc7 Nxh4+ 38. Kh2 Bxg5 39.
Bxd6 Rf3 40. b6 Rxd3 41. Bxe5+ Kg8 42. bxa7 1-0

[Event "4th Kolkata Open"]
[Site "Kolkata IND"]
[Date "2009.09.06"]
[Round "6"]
[White "Mchedlishvili,M"]
[Black "Laxman,R"]
[Result "1-0"]
[WhiteElo "2613"]
[BlackElo "2486"]
[EventDate "2009.09.01"]

1. d4 Nf6 2. c4 e6 3. Nf3 Bb4+ 4. Nbd2 b6 5. a3 Bxd2+ 6. Bxd2 h6 7. g3 Bb7
8. Bg2 O-O 9. O-O d6 10. b4 Nbd7 11. Bc3 Be4 12. Bh3 Bxf3 13. exf3 c6 14.
f4 d5 15. Qd3 Ne4 16. Bb2 Nd6 17. c5 Nc4 18. Bc3 Re8 19. Rfe1 f5 20. a4 b5
21. axb5 cxb5 22. Ra6 Nf8 23. g4 g6 24. Qg3 Kh8 25. Bf1 fxg4 26. Qxg4 Qf6
27. Bxc4 bxc4 28. c6 Qf5 29. Qxf5 gxf5 30. Rea1 Rec8 31. b5 Rab8 32. R1a5
Ng6 33. Rxa7 Nxf4 34. c7 Rg8+ 35. Kf1 Rbf8 36. b6 Nd3 1-0

[Event "4th Kolkata Open"]
[Site "Kolkata IND"]
[Date "2009.09.06"]
[Round "6"]
[White "Gagunashvili,M"]
[Black "Ni Hua"]
[Result "1/2-1/2"]
[WhiteElo "2564"]
[BlackElo "2692"]
[EventDate "2009.09.01"]

1. d4 Nf6 2. Nf3 g6 3. c4 Bg7 4. g3 d5 5. cxd5 Nxd5 6. Bg2 O-O 7. O-O Nb6
8. Nc3 Nc6 9. e3 Re8 10. Re1 a5 11. b3 e5 12. Nxe5 Nxe5 13. dxe5 Bxe5 14.
Bb2 Qe7 15. Qc2 c6 16. Rad1 a4 17. f4 Bg7 18. Ne4 axb3 19. Qxb3 Nd5 20.
Bxg7 Kxg7 21. a4 Bf5 22. Rd4 Ra6 23. Qb2 Kh6 24. Nf2 Rb6 25. Qa1 Qc5 26.
Bxd5 Rxe3 27. Ng4+ Bxg4 28. Rxe3 cxd5 29. Qc3 Rb1+ 30. Kf2 Qb6 31. Kg2 Rb2+
32. Rd2 Rxd2+ 33. Qxd2 Bf5 34. a5 Qc5 35. Qc3 Be4+ 36. Kf2 Qd6 37. Qe5 Qb4
38. g4 Qd2+ 39. Re2 Qd3 40. Qg5+ Kg7 41. Qe5+ Kh6 42. Qg5+ 1/2-1/2

[Event "4th Kolkata Open"]
[Site "Kolkata IND"]
[Date "2009.09.06"]
[Round "6"]
[White "Postny,E"]
[Black "Sundararajan,K"]
[Result "1/2-1/2"]
[WhiteElo "2651"]
[BlackElo "2516"]
[EventDate "2009.09.01"]

1. d4 d5 2. c4 c6 3. Nf3 Nf6 4. Nc3 dxc4 5. a4 Bf5 6. Ne5 Nbd7 7. Nxc4 Nb6
8. Ne5 a5 9. f3 Nfd7 10. Nxd7 Nxd7 11. e4 Bg6 12. Be2 e6 13. O-O Bb4 14.
Be3 O-O 15. Qb3 Qc7 16. Rac1 Rad8 17. Kh1 Qb8 18. Rfd1 Rfe8 19. Na2 Bd6 20.
Bg1 Bc7 21. Rc2 Nf6 22. Nc1 Nd7 23. Nd3 f6 24. Qc3 Bf7 25. Rb1 Qa8 26. b4
axb4 27. Qxb4 Rb8 28. Nb2 Ba5 29. Qa3 Bd8 30. Nc4 Be7 31. Qc1 b6 32. Bf2 c5
33. dxc5 bxc5 34. a5 Rxb1 35. Qxb1 Rb8 36. Qd1 Nf8 37. e5 fxe5 38. Nxe5 Qd5
39. Qxd5 exd5 40. g3 Bd6 41. Nxf7 Kxf7 42. f4 d4 43. a6 Rb1+ 44. Kg2 Ra1
45. Bc4+ Ke7 46. Rb2 Bc7 47. Ba2 Nd7 48. a7 Nb6 49. Kf3 Kd7 50. Ke4 Kc8 51.
Rc2 Kb7 52. Bd5+ Nxd5 53. Kxd5 Bb6 54. f5 Rxa7 55. Re2 Ka6 56. Ra2+ Kb7 57.
Re2 Ka6 58. Ra2+ Kb7 1/2-1/2

[Event "4th Kolkata Open"]
[Site "Kolkata IND"]
[Date "2009.09.06"]
[Round "6"]
[White "Vidit,S"]
[Black "Aleksandrov,A"]
[Result "1/2-1/2"]
[WhiteElo "2423"]
[BlackElo "2639"]
[EventDate "2009.09.01"]

1. d4 Nf6 2. c4 e6 3. Nf3 Bb4+ 4. Nbd2 O-O 5. a3 Be7 6. e4 d5 7. e5 Nfd7 8.
b4 a5 9. b5 c5 10. Bb2 cxd4 11. cxd5 exd5 12. Qc2 Re8 13. Bd3 Nf8 14. O-O
Bg4 15. Nxd4 Nbd7 16. Rae1 Rc8 17. Qb1 Bc5 18. h3 Bxh3 19. gxh3 Bxd4 20.
Bxd4 Qg5+ 21. Kh1 Qxd2 22. f4 a4 23. Re2 Qa5 24. Rg1 Ne6 25. Bxh7+ Kh8 26.
Ba1 Rc3 27. Qf5 Ndf8 28. Bxc3 Qxc3 29. Qxf7 Qxh3+ 30. Rh2 Qf3+ 31. Rgg2
Qf1+ 1/2-1/2

[Event "4th Kolkata Open"]
[Site "Kolkata IND"]
[Date "2009.09.06"]
[Round "6"]
[White "Ganguly,S"]
[Black "Kunte,A"]
[Result "1-0"]
[WhiteElo "2634"]
[BlackElo "2515"]
[EventDate "2009.09.01"]

1. e4 c5 2. Nf3 e6 3. d4 cxd4 4. Nxd4 a6 5. Bd3 Nf6 6. O-O Qc7 7. Qe2 d6 8.
c4 g6 9. Nc3 Bg7 10. Rd1 O-O 11. h3 Nc6 12. Nf3 Nd7 13. Be3 Bxc3 14. bxc3
e5 15. Ne1 Nc5 16. Bxc5 dxc5 17. Nc2 Be6 18. Ne3 Rad8 19. Rab1 Rd7 20. h4
Qd8 21. g3 f5 22. exf5 gxf5 23. Qh5 Qf6 24. Bf1 Rg7 25. Nd5 Qg6 26. Qxg6
hxg6 27. Nb6 Rc7 28. Rd6 Kf7 29. Nd5 Bxd5 30. cxd5 Ne7 31. Rbb6 Nc8 32.
Rf6+ Ke8 33. Rbe6+ Re7 34. Rxg6 e4 35. Bh3 Rxe6 36. Rxe6+ Kd7 37. Rxe4 Kd6
38. Re3 b5 39. Bg2 Rf6 40. Re8 Nb6 41. h5 c4 42. Kf1 Na4 43. Rg8 b4 44.
cxb4 Ke5 45. Rg6 Rf8 46. Rc6 c3 47. Rc4 Rb8 48. f4+ Kd6 49. h6 Kd7 50. a3
Rg8 51. Rc6 Ke7 52. Bh3 Rxg3 53. Bxf5 Rf3+ 54. Ke2 1-0

[Event "4th Kolkata Open"]
[Site "Kolkata IND"]
[Date "2009.09.06"]
[Round "6"]
[White "Deepan,C"]
[Black "Mamedov,Rau"]
[Result "1/2-1/2"]
[WhiteElo "2524"]
[BlackElo "2626"]
[EventDate "2009.09.01"]

1. e4 c5 2. Nf3 Nc6 3. d4 cxd4 4. Nxd4 g6 5. c4 Bg7 6. Be3 Nf6 7. Nc3 O-O
8. Be2 d6 9. O-O Nxd4 10. Bxd4 Be6 11. Qd2 Rc8 12. b3 a6 13. Rfd1 Nd7 14.
Bxg7 Kxg7 15. Qd4+ Nf6 16. f4 Kg8 17. Bf3 Qa5 18. e5 dxe5 19. fxe5 Rcd8 20.
Qe3 Rxd1+ 21. Rxd1 Ng4 22. Bxg4 Bxg4 23. Rd5 Qa3 24. h3 Be6 25. Rd1 b5 26.
cxb5 axb5 27. Rd2 b4 28. Ne2 Bf5 29. Kh2 Qa5 30. Nd4 Bd7 31. Nf3 Bc6 32.
Nd4 Bd7 33. Nf3 Bc6 34. Nd4 Bd7 1/2-1/2

[Event "4th Kolkata Open"]
[Site "Kolkata IND"]
[Date "2009.09.06"]
[Round "6"]
[White "Shyam,N"]
[Black "Gopal,G"]
[Result "1/2-1/2"]
[WhiteElo "2410"]
[BlackElo "2598"]
[EventDate "2009.09.01"]

1. e4 c5 2. Nf3 d6 3. d4 cxd4 4. Nxd4 Nf6 5. Nc3 a6 6. Be2 Nbd7 7. O-O g6
8. f4 Bg7 9. Kh1 O-O 10. Bf3 e5 11. Nde2 Qc7 12. g4 exf4 13. g5 Ne8 14. Nd5
Qd8 15. Nexf4 Nc7 16. Nxc7 Qxc7 17. Nd5 Qd8 18. Bg2 Ne5 19. Qe1 Be6 20.
Nf6+ Kh8 21. Qh4 h5 22. gxh6 Bxf6 23. Rxf6 Kh7 24. Bg5 Qc7 25. Raf1 Qxc2
26. R6f2 Qc7 27. Be7 Rg8 28. Rd2 Nc4 29. Rdf2 Ne5 30. Rd2 Nc4 31. Rc2 Rae8
32. Bg5 Qd7 33. Qf4 Ne5 34. Rd2 Bxa2 35. Rfd1 Qg4 36. Rxd6 Qxf4 37. Bxf4
Ng4 38. Kg1 g5 39. Bd2 Be6 40. Rc1 Rc8 41. Rxc8 Bxc8 42. h3 Ne5 43. Bc3 Ng6
44. Bd2 Nf4 45. Bxf4 gxf4 46. Kf2 Be6 47. Rb6 Kxh6 48. Rxb7 Rg3 1/2-1/2

[Event "4th Kolkata Open"]
[Site "Kolkata IND"]
[Date "2009.09.06"]
[Round "6"]
[White "Malakhatko,V"]
[Black "Satyapragyan,S"]
[Result "1/2-1/2"]
[WhiteElo "2569"]
[BlackElo "2439"]
[EventDate "2009.09.01"]

1. d4 Nf6 2. c4 e6 3. Nf3 Bb4+ 4. Nbd2 O-O 5. a3 Be7 6. e4 d5 7. Bd3 c5 8.
dxc5 dxe4 9. Nxe4 Nxe4 10. Bxe4 Qxd1+ 11. Kxd1 a5 12. Be3 f5 13. Bc2 Nd7
14. Ke2 a4 15. Rhd1 Nxc5 16. Bf4 Bd7 17. Ne5 Be8 18. Kf1 Bf6 19. Rab1 Rc8
20. Nf3 Bh5 1/2-1/2

[Event "4th Kolkata Open"]
[Site "Kolkata IND"]
[Date "2009.09.07"]
[Round "7"]
[White "Laznicka,V"]
[Black "Sandipan,C"]
[Result "1/2-1/2"]
[WhiteElo "2634"]
[BlackElo "2611"]
[EventDate "2009.09.01"]

1. d4 d5 2. c4 c6 3. Nf3 Nf6 4. Qc2 dxc4 5. Qxc4 Bf5 6. g3 e6 7. Bg2 Nbd7
8. O-O Be7 9. e3 O-O 10. Rd1 Rc8 11. Qe2 Qc7 12. Nc3 Bg4 13. h3 Bxf3 14.
Bxf3 Rfe8 15. Bg2 b5 16. Bd2 b4 17. Na4 e5 18. dxe5 Qxe5 19. Qa6 Ne4 20.
Be1 Ndf6 21. Rac1 c5 22. a3 bxa3 23. bxa3 Bd6 24. Nc3 Bb8 25. Nxe4 Nxe4 26.
Qc4 Qe7 27. Bxe4 Qxe4 28. Qxe4 Rxe4 29. Rxc5 Ree8 30. Rxc8 Rxc8 31. Bb4 h5
32. Kg2 g6 33. Rd5 a6 34. g4 hxg4 35. hxg4 Kg7 36. g5 Rc6 37. Be7 Bc7 38.
f4 Re6 39. Bc5 Bb6 40. Bxb6 Rxb6 41. Kf3 Kf8 42. Re5 Rb3 43. a4 Rb4 44. a5
Ra4 45. Ke2 Ra3 46. Kd2 Kg7 47. Kc2 Kf8 48. Kd2 Kg7 49. Ke2 Rb3 50. Rd5 Ra3
51. e4 Kf8 52. f5 Ke7 53. f6+ Ke6 54. Rc5 Kd6 55. Rd5+ Ke6 56. Kd2 Ra2+ 57.
Kd3 Rd2+ 58. Kc4 Rc2+ 59. Kd4 Rc4+ 60. Kxc4 1/2-1/2

[Event "4th Kolkata Open"]
[Site "Kolkata IND"]
[Date "2009.09.07"]
[Round "7"]
[White "Ganguly,S"]
[Black "Le Quang Liem"]
[Result "0-1"]
[WhiteElo "2634"]
[BlackElo "2602"]
[EventDate "2009.09.01"]

1. e4 c6 2. d4 d5 3. e5 Bf5 4. Nf3 e6 5. Be2 c5 6. Be3 cxd4 7. Nxd4 Ne7 8.
c4 Nbc6 9. Qa4 a6 10. Nc3 dxc4 11. O-O-O Qa5 12. Qxa5 Nxa5 13. Nxf5 Nxf5
14. Bb6 Nc6 15. f4 Rc8 16. Bxc4 g5 17. fxg5 Nxe5 18. Bb3 Be7 19. h4 h6 20.
Kb1 Bc5 21. Rhe1 Bxb6 22. Rxe5 Nd4 23. g6 O-O 24. gxf7+ Kxf7 25. Rf1+ Kg7
26. Rfe1 Bd8 27. R5e4 Nxb3 28. axb3 Rc6 29. Ne2 e5 30. h5 Rf2 31. Rd1 Bc7
32. Rd7+ Rf7 33. Rd3 Rd6 34. Rg4+ Kh7 35. Rxd6 Bxd6 36. Ng3 Bf8 37. Ne4 Rf5
38. Ng3 Rf2 39. Ne4 Rf5 40. Kc2 Bg7 41. Rh4 Kg8 42. Rh1 Bf8 43. Kd3 Kf7 44.
Ke3 Ke6 45. g4 Rf4 46. g5 Kf5 47. Ng3+ Kxg5 48. Ne4+ Kf5 49. Ng3+ Kg4 50.
Ne4 Rf3+ 51. Ke2 Rxb3 52. Rf1 Be7 53. Nf2+ Kxh5 54. Nd3 e4 55. Nf4+ Kg4 0-1

[Event "4th Kolkata Open"]
[Site "Kolkata IND"]
[Date "2009.09.07"]
[Round "7"]
[White "Mchedlishvili,M"]
[Black "Safarli,E"]
[Result "1/2-1/2"]
[WhiteElo "2613"]
[BlackElo "2587"]
[EventDate "2009.09.01"]

1. Nf3 Nf6 2. c4 g6 3. Nc3 d5 4. cxd5 Nxd5 5. Qa4+ Bd7 6. Qc2 Nb6 7. d4 Bg7
8. e4 Bg4 9. Ne5 Bc8 10. Be3 O-O 11. O-O-O N6d7 12. f4 e6 13. h4 c5 14. h5
cxd4 15. Nxd7 Qxd7 16. e5 Nc6 17. h6 Bh8 18. Bb5 Qe7 19. Bxd4 Nxd4 20. Rxd4
a6 21. Bd3 b5 22. Be4 Ra7 23. Qd3 b4 24. Ne2 Bd7 25. Kb1 Bb5 26. Qe3 f6 27.
exf6 Bxf6 28. Rd2 Qc5 29. Qxc5 1/2-1/2

[Event "4th Kolkata Open"]
[Site "Kolkata IND"]
[Date "2009.09.07"]
[Round "7"]
[White "Hossain,Enam"]
[Black "Postny,E"]
[Result "0-1"]
[WhiteElo "2516"]
[BlackElo "2651"]
[EventDate "2009.09.01"]

1. e4 e5 2. Nf3 Nc6 3. Bb5 a6 4. Ba4 Nf6 5. O-O Be7 6. Re1 b5 7. Bb3 d6 8.
c3 O-O 9. h3 Na5 10. Bc2 c5 11. d4 Qc7 12. Nbd2 Be6 13. d5 Bd7 14. b3 c4
15. b4 Nb7 16. a4 Rfb8 17. Nf1 Ne8 18. axb5 axb5 19. Be3 Nd8 20. Qd2 g6 21.
N3h2 Qc8 22. Ba7 Rb7 23. Be3 Ng7 24. Red1 f6 25. Qe1 Rbb8 26. Ba7 Rb7 27.
Be3 Nf7 28. Rxa8 Qxa8 29. Ra1 Qc8 30. Ng3 Bd8 31. Ra6 Rb8 32. Ra2 f5 33.
exf5 gxf5 34. f4 Ra8 35. Rxa8 Qxa8 36. Qd1 exf4 37. Bxf4 Qa7+ 38. Kh1 Bf6
39. Bd2 Ne5 40. Nhf1 Ng6 41. Qf3 Ne7 42. Bf4 Qa2 43. Ne3 Qa1+ 44. Ngf1 Qxc3
45. Bxd6 Ng6 46. Bc5 Nh4 47. Qf4 Qe5 48. Qh6 Ng6 49. Nd2 Qa1+ 50. Ndf1 Qe1
51. g4 Qf2 52. Bxf5 Nxf5 53. gxf5 Bxf5 0-1

[Event "4th Kolkata Open"]
[Site "Kolkata IND"]
[Date "2009.09.07"]
[Round "7"]
[White "Aleksandrov,A"]
[Black "Sengupta,D"]
[Result "1-0"]
[WhiteElo "2639"]
[BlackElo "2494"]
[EventDate "2009.09.01"]

1. d4 d5 2. c4 e6 3. Nf3 c6 4. e3 Nf6 5. Bd3 Nbd7 6. O-O Bd6 7. Nc3 dxc4 8.
Bxc4 b5 9. Bd3 a6 10. e4 e5 11. Bc2 O-O 12. Bg5 h6 13. Bh4 exd4 14. Qxd4
Qe7 15. Rad1 Bc7 16. e5 Bxe5 17. Nxe5 Qxe5 18. Qd3 Qh5 19. Bg3 Re8 20. Rd2
b4 21. Bd1 Qa5 22. Ne2 Qb5 23. Qc2 c5 24. a4 Qa5 25. f3 Bb7 26. Qf5 Nf8 27.
Bf2 Rac8 28. Bb3 Qc7 29. Rc1 Ne6 30. Bg3 Qb6 31. Bh4 Rc6 32. a5 Qa7 33. Ba4
c4+ 34. Bf2 Rc5 35. Bxe8 Nxe8 36. Qb1 Qb8 37. Bxc5 Nxc5 38. Rxc4 Qe5 39.
Kh1 Nb3 40. Rdc2 Qxa5 41. Nc1 Nxc1 42. Rxc1 Qb5 43. Qd3 g6 44. Qe3 h5 45.
Qe7 1-0

[Event "4th Kolkata Open"]
[Site "Kolkata IND"]
[Date "2009.09.07"]
[Round "7"]
[White "Mamedov,Rau"]
[Black "Vidit,S"]
[Result "1-0"]
[WhiteElo "2626"]
[BlackElo "2423"]
[EventDate "2009.09.01"]

1. e4 c5 2. Nc3 Nc6 3. Bb5 Nd4 4. Bc4 e6 5. Nge2 Nf6 6. O-O a6 7. d3 Nc6 8.
Bb3 b5 9. a4 b4 10. Nb1 Be7 11. f4 d5 12. e5 Nd7 13. c3 a5 14. Nd2 Ba6 15.
Nf3 c4 16. Bc2 cxd3 17. Bxd3 Bxd3 18. Qxd3 Nc5 19. Qb5 O-O 20. Ned4 Nxd4
21. Nxd4 Ne4 22. f5 Bc5 23. fxe6 fxe6 24. Be3 bxc3 25. bxc3 Qc7 26. Rxf8+
Rxf8 27. Rf1 Qxe5 28. Qxa5 Rxf1+ 29. Kxf1 Qf6+ 30. Kg1 h6 31. Qa6 Kh7 32.
Qf1 Qxf1+ 33. Kxf1 Nxc3 34. a5 e5 35. Nb5 Nxb5 36. Bxc5 Nc7 37. Bd6 Na6 38.
Bxe5 Kg6 39. Ke2 Kf7 40. Ke3 g5 41. g4 Ke6 42. Bg7 Nb4 43. Bxh6 Kf6 44. Bf8
Na6 45. Kd4 Ke6 46. Ba3 Nb8 47. Kc5 d4 48. Bc1 Kf6 49. Kb6 1-0

[Event "4th Kolkata Open"]
[Site "Kolkata IND"]
[Date "2009.09.07"]
[Round "7"]
[White "Gopal,G"]
[Black "Grover,S"]
[Result "1/2-1/2"]
[WhiteElo "2598"]
[BlackElo "2288"]
[EventDate "2009.09.01"]

1. Nf3 Nf6 2. g3 d5 3. Bg2 c6 4. O-O Bg4 5. c4 e6 6. cxd5 cxd5 7. d3 Nc6 8.
Nc3 Be7 9. Qb3 Qb6 10. Qxb6 axb6 11. Bf4 h6 12. h3 Bh5 13. g4 Bg6 14. Ne5
Bh7 15. Nb5 O-O 16. a3 Ra4 17. Bg3 Nxe5 18. Bxe5 Nd7 19. Bd6 Bxd6 20. Nxd6
Nc5 21. Rac1 Rd8 22. Nb5 Ra5 23. Nd4 Raa8 24. b4 Na6 25. f4 Kf8 26. Nb5
Rac8 27. e4 Ke7 28. Rfe1 Rxc1 29. Rxc1 f6 30. exd5 exd5 31. f5 Bg8 32. Kf2
Bf7 33. Ke3 Nb8 34. Rc7+ Rd7 35. Rc1 Nc6 36. d4 Rd8 37. Kd3 Kd7 38. Re1 Ne7
39. Kc2 h5 40. Kd3 hxg4 41. hxg4 Rh8 42. Rc1 Nc6 43. Ke3 Rh2 44. Kf3 Rh4
45. Kg3 Rh8 46. Re1 Ne7 47. Rc1 Nc6 48. Rc3 Re8 49. Kf2 Rh8 50. Rg3 Ne7 51.
Nc3 Rh4 52. Na4 Nc8 53. Ke3 Kd6 54. Kf4 Be8 55. Nc3 Ne7 56. Re3 Bd7 57. Kg3
Rh8 58. Rxe7 Kxe7 59. Nxd5+ Kd6 60. Nxb6 Bb5 1/2-1/2

[Event "4th Kolkata Open"]
[Site "Kolkata IND"]
[Date "2009.09.07"]
[Round "7"]
[White "Markos,J"]
[Black "Shyam,N"]
[Result "1-0"]
[WhiteElo "2565"]
[BlackElo "2410"]
[EventDate "2009.09.01"]

1. d4 Nf6 2. c4 c5 3. d5 b5 4. cxb5 a6 5. e3 g6 6. Nc3 Bg7 7. Nf3 O-O 8. a4
d6 9. Ra3 Bb7 10. Bc4 axb5 11. Bxb5 e6 12. e4 exd5 13. exd5 Qe7+ 14. Qe2
Qc7 15. O-O Nbd7 16. Rd1 h6 17. Bf4 Nh5 18. Be3 Kh7 19. a5 Rad8 20. Qc4 f5
21. b4 Rc8 22. bxc5 Nxc5 23. Nd4 Qf7 24. Qa2 f4 25. Bc1 Na6 26. Nc6 f3 27.
g3 Nc7 28. Bc4 Qd7 29. Nb4 Qg4 30. Nc2 Ba6 31. Ne3 Qh3 32. Ne4 Rce8 33. Qc2
Nf4 34. Kh1 Ng2 35. Rg1 Nxe3 36. Bxe3 Be5 37. Bxa6 Nxa6 38. Qc4 Rb8 39. Qf1
Qxf1 40. Rxf1 Rb5 41. Rd1 g5 42. h3 Rc8 43. Bb6 Rc4 44. Re1 Rxd5 45. Rxf3
Kg7 46. Kg2 Rb5 47. Nd2 Rc3 48. Rxe5 1-0

[Event "4th Kolkata Open"]
[Site "Kolkata IND"]
[Date "2009.09.07"]
[Round "7"]
[White "Sundararajan,K"]
[Black "Gagunashvili,M"]
[Result "1/2-1/2"]
[WhiteElo "2516"]
[BlackElo "2564"]
[EventDate "2009.09.01"]

1. Nf3 d6 2. d4 g6 3. c3 Bg7 4. e4 Nf6 5. Bd3 O-O 6. O-O Nbd7 7. Re1 e5 8.
Bg5 c6 9. Nbd2 Qc7 10. a4 b6 11. Qc2 a6 12. dxe5 dxe5 13. b4 h6 14. Bh4 Re8
15. Bf1 Nf8 16. Nc4 Bg4 17. Nfd2 N8d7 18. f3 Be6 19. Bf2 b5 20. Ne3 Bf8
1/2-1/2

[Event "4th Kolkata Open"]
[Site "Kolkata IND"]
[Date "2009.09.07"]
[Round "7"]
[White "Laxman,R"]
[Black "Rahman,Zia"]
[Result "1-0"]
[WhiteElo "2486"]
[BlackElo "2554"]
[EventDate "2009.09.01"]

1. Nf3 d5 2. d4 c6 3. c4 e6 4. e3 Bd6 5. Bd3 f5 6. b3 Nf6 7. O-O Qe7 8. a4
a5 9. Ba3 Bxa3 10. Nxa3 O-O 11. Nc2 Ne4 12. Ne5 Nd7 13. Nxd7 Bxd7 14. f3
Nf6 15. Qd2 b6 16. Rfd1 Kh8 17. Bf1 Rfd8 18. Ne1 e5 19. dxe5 Qxe5 20. Qd4
Re8 21. Qxe5 Rxe5 22. Kf2 Rae8 23. Nc2 g5 24. cxd5 Nxd5 25. Bc4 Nf6 26. Rd6
Kg7 27. Rad1 R8e7 28. Nd4 b5 29. Bf1 bxa4 30. bxa4 Nd5 31. Rd2 Be8 32. Nxc6
Bxc6 33. Rxc6 Nxe3 34. Bb5 f4 35. g4 fxg3+ 36. hxg3 g4 37. Rcd6 gxf3 38.
Rd7 Nf5 39. Kxf3 Kf6 40. Rxe7 Rxe7 41. Kf4 Ng7 42. Rd6+ Ne6+ 43. Ke4 Kg5
44. Kd5 Ng7 45. Ra6 Nf5 46. Rxa5 Nxg3 47. Ra8 h5 48. a5 h4 49. Rg8+ Kf4 50.
Rh8 Kg4 51. a6 h3 52. Kc5 Nh5 53. Bf1 h2 54. Bg2 Kg3 55. Rg8+ Kf2 56. Bb7
Ng3 57. Rh8 1-0

[Event "4th Kolkata Open"]
[Site "Kolkata IND"]
[Date "2009.09.08"]
[Round "8"]
[White "Filippov,An UZB"]
[Black "Sandipan,C"]
[Result "1-0"]
[WhiteElo "2595"]
[BlackElo "2611"]
[EventDate "2009.09.01"]

1. e4 c5 2. Nf3 d6 3. d4 cxd4 4. Nxd4 Nf6 5. Nc3 a6 6. Be2 e6 7. a4 Nc6 8.
Be3 Be7 9. O-O O-O 10. f4 Qc7 11. Kh1 Bd7 12. Nb3 b6 13. Bf3 Nb4 14. e5
Nfd5 15. Nxd5 Nxd5 16. Bxd5 exd5 17. Bd4 Bf5 18. Bc3 dxe5 19. fxe5 Be4 20.
Qe2 Qc4 21. Qxc4 dxc4 22. Nd2 Bd5 23. Bd4 b5 24. axb5 axb5 25. Kg1 b4 26.
Rfe1 Rfd8 27. Rxa8 Rxa8 28. Nf1 h6 29. Ne3 Be6 30. Kf2 Bd8 31. Kf3 Bc7 32.
Ke4 Re8 33. g3 b3 34. cxb3 cxb3 35. Ra1 Rd8 36. Ra4 h5 37. Rb4 g6 38. Nc4
Kh7 39. Kd3 g5 40. Rb7 Bb8 41. Kc3 Kg6 42. Kd3 h4 43. Na5 Bxe5 44. Nc6 Bf5+
45. Ke3 Bxd4+ 46. Nxd4 Re8+ 47. Kf2 Bg4 48. Rxb3 h3 49. Rd3 f6 50. Rd2 Rb8
51. Ke3 Re8+ 52. Kf2 Bc8 53. b4 Bb7 54. b5 Rd8 55. Nb3 Rb8 56. Rb2 Bg2 57.
Nd4 Rd8 58. Nf3 Rd1 59. b6 Rd8 60. g4 f5 61. b7 fxg4 62. Ne5+ Kf5 63. Nd7
Bxb7 64. Rxb7 Rc8 65. Rb5+ Ke6 66. Nc5+ Kd5 67. Na4+ Ke4 68. Kg3 Rc4 69.
Rxg5 Ke3 70. Rxg4 Rc6 71. Nb2 Ke2 72. Re4+ Kf1 73. Nd3 Rg6+ 74. Kxh3 Rh6+
75. Kg3 Rg6+ 76. Kf3 Kg1 77. h4 1-0

[Event "4th Kolkata Open"]
[Site "Kolkata IND"]
[Date "2009.09.08"]
[Round "8"]
[White "Postny,E"]
[Black "Markos,J"]
[Result "1-0"]
[WhiteElo "2651"]
[BlackElo "2565"]
[EventDate "2009.09.01"]

1. d4 Nf6 2. c4 g6 3. Nc3 Bg7 4. e4 O-O 5. Be3 d6 6. f3 e5 7. d5 c6 8. Qd2
a6 9. O-O-O cxd5 10. cxd5 b5 11. g4 h5 12. h3 Qa5 13. Kb1 Nbd7 14. Rc1 Nc5
15. Nge2 Bd7 16. Rg1 h4 17. Nd1 b4 18. Nf2 Rfc8 19. Nd3 Nxd3 20. Qxd3 Bb5
21. Rxc8+ Rxc8 22. Qd2 Ba4 23. b3 Bd7 24. Nc1 Ne8 25. Nd3 Rc3 26. Nb2 Bb5
27. Bxb5 axb5 28. Nd1 Rc8 29. Nf2 Bf6 30. Rc1 Rc3 31. Nd1 Rc7 32. Rxc7 Nxc7
33. Qc1 Ne8 34. Qc6 Kf8 35. Bb6 Qa6 36. Nf2 Bg5 37. Nd3 Bd2 38. Nxe5 Bc3
39. Nd3 Qa3 40. e5 1-0

[Event "4th Kolkata Open"]
[Site "Kolkata IND"]
[Date "2009.09.08"]
[Round "8"]
[White "Khusnutdinov,R"]
[Black "Aleksandrov,A"]
[Result "1/2-1/2"]
[WhiteElo "2506"]
[BlackElo "2639"]
[EventDate "2009.09.01"]

1. e4 e5 2. Nf3 Nc6 3. Bb5 a6 4. Ba4 Nf6 5. O-O Be7 6. Bxc6 dxc6 7. d3 Nd7
8. Nbd2 O-O 9. h3 Re8 10. Nc4 Bf8 11. Re1 a5 12. a4 c5 13. Nh2 Nb8 14. f4
exf4 15. Bxf4 Be6 16. b3 Nc6 17. Nf3 h6 18. Qd2 b6 19. Qf2 Bxc4 20. bxc4
Bd6 21. Bxd6 1/2-1/2

[Event "4th Kolkata Open"]
[Site "Kolkata IND"]
[Date "2009.09.08"]
[Round "8"]
[White "Satyapragyan,S"]
[Black "Mchedlishvili,M"]
[Result "1-0"]
[WhiteElo "2439"]
[BlackElo "2613"]
[EventDate "2009.09.01"]

1. e4 c6 2. d4 d5 3. exd5 cxd5 4. Bd3 Nc6 5. c3 Nf6 6. h3 g6 7. Nf3 Bg7 8.
Bf4 O-O 9. Nbd2 Bf5 10. Bxf5 gxf5 11. Ne5 Ne4 12. Nxc6 bxc6 13. Nb3 e6 14.
O-O Qh4 15. Bh2 Bh6 16. Qe1 Bf4 17. Bxf4 Qxf4 18. Nc1 Kh8 19. Nd3 Qg5 20.
Qc1 Qg7 21. Kh1 Rg8 22. Rg1 Rac8 23. Qf4 c5 24. dxc5 Nxc5 25. Rad1 Nxd3 26.
Rxd3 Rc4 27. Qd6 Re4 28. Rg3 Qf8 29. Rxg8+ Kxg8 30. Qc7 a6 31. Rd1 h6 32.
b3 Kg7 33. c4 dxc4 34. bxc4 Qb4 35. Rd7 Qe1+ 36. Kh2 Qxf2 37. Rxf7+ Kg6 38.
Rg7+ Kf6 39. Rg3 f4 40. Rg8 Re1 41. Rf8+ Kg5 42. Qg7+ 1-0